| 000 | 00398nam a2200133Ia 4500 | ||
|---|---|---|---|
| 008 | 230917s9999||||xx |||||||||||||| ||und|| | ||
| 040 |
_e89734 _aMAIN |
||
| 041 | _aEnglish | ||
| 082 | _a370.1523 Y1C | ||
| 100 | _aYadav, Kamlesh | ||
| 245 | 0 | _aClassroom learning behaviour of students of different self concept levels and their achievement in geography 10+2 stage | |
| 300 | _a406 p. | ||
| 942 | _cTH | ||
| 999 |
_c86604 _d86604 |
||